| 000 | 01303nam a2200325 a 4500 | ||
|---|---|---|---|
| 001 | BRCA_3162 | ||
| 005 | 20190320204136.0 | ||
| 008 | 110209s1900----fr-a---###---#000-0#fre-u | ||
| 041 | _afre | ||
| 044 | _afr | ||
| 084 |
_a464 _b.M53 _c1900 |
||
| 100 | 1 |
_aCervantes Saavedra, Miguel de _d1547-1616 _9213 |
|
| 245 | 1 | 0 |
_aMichel Cervantes _bDon Quichotte de la Manche _cMichel Cervantes. |
| 260 |
_aParís _bAlbin Michel _c1900 |
||
| 300 |
_aviii, 319 p. _bil. _c31 cm. |
||
| 500 | _aContenido : Texto abreviado | ||
| 500 | _aEdición : Nouvelle edition mise a la portée de la jeunesse par Maurice Dreyfous. Illustrée de nombreuses gravures | ||
| 500 | _aCompendio arreglado para la juventud por Maurice Dreyfous. Rústica Lúdovik Osterc | ||
| 500 | _aEstado físico : Encuadernación en papel severamente maltratado, desprendido en cuadernillos | ||
| 500 | _aQM92 | ||
| 546 | _aTexto en : francés | ||
| 650 | 1 | 4 |
_aNovela española _yÉpoca clásica, 1500-1700 _9215 |
| 650 | 1 | 4 |
_aLiteratura española _yÉpoca clásica, 1500-1700 _9216 |
| 650 | 1 | 4 |
_aNovela española _ySiglo XVII _9217 |
| 650 | 1 | 4 |
_aDon Quijote (Personaje ficticio) _eNovela _9218 |
| 700 | 1 |
_aDreyfous, Maurice _eTraductor _98526 |
|
| 740 | 0 | _aEl Ingenioso Hidalgo Don Quijote de la Mancha | |
| 902 | _aQFM | ||
| 942 |
_2lcc _cB |
||
| 999 |
_c2898 _d2898 |
||